[Event "Gatineau Defi Nez Rouge"]
[Site "Gatineau"]
[Date "2011.12.06"]
[Round "2"]
[White "Beland, Guy"]
[Black "Simard, Paul"]
[Result "1-0"]
[WhiteElo "1448"]
[BlackElo "1138"]
[PlyCount "49"]
[EventDate "2011.11.29"]
[EventType "swiss"]
[EventRounds "4"]
[EventCountry "CAN"]
[SourceTitle "EXT 2013"]
[Source "ChessBase"]
[SourceDate "2012.11.22"]
[SourceVersion "1"]
[SourceVersionDate "2012.11.22"]
[SourceQuality "1"]

1. e4 d6 2. f4 e5 3. Nf3 Nc6 4. Bb5 a6 5. Bxc6+ bxc6 6. 0-0 Nf6 7. Nc3 Bg4 8. d4 Bxf3 9. Rxf3 g6 10. Be3 exd4 11. Bxd4 Bg7 12. Qe2 0-0 13. Rd1 c5 14. Bxc5 Rb8 15. Ba3 c5 16. Rfd3 Qb6 17. Kh1 Rfe8 18. Rxd6 Qc7 19. e5 Rbd8 20. Rxd8 Rxd8 21. Rxd8+ Qxd8 22. exf6 Bxf6 23. Bxc5 Qa5 24. Qe8+ Kg7 25. Qf8# 1-0

[Event "Gatineau Maisonneuve Memorial"]
[Site "Gatineau"]
[Date "2011.11.08"]
[Round "3"]
[White "Beland, Guy"]
[Black "Morel, Joseph"]
[Result "0-1"]
[WhiteElo "1440"]
[BlackElo "1575"]
[PlyCount "68"]
[EventDate "2011.10.25"]
[EventType "swiss"]
[EventRounds "4"]
[EventCountry "CAN"]
[SourceTitle "EXT 2022"]
[Source "ChessBase"]
[SourceDate "2021.10.06"]
[SourceVersion "1"]
[SourceVersionDate "2021.10.06"]
[SourceQuality "1"]

1. e4 c5 2. Nf3 e6 3. d4 cxd4 4. Nxd4 Nf6 5. Nc3 Nc6 6. Nxc6 bxc6 7. Be2 d5 8. exd5 cxd5 9. 0-0 Be7 10. Be3 0-0 11. Qd4 a5 12. a3 Ba6 13. b4 Bxe2 14. Nxe2 Ne4 15. f3 Bf6 16. Qd3 Bxa1 17. fxe4 Bf6 18. b5 Be7 19. e5 Rc8 20. Nd4 Bc5 21. c3 Bxd4 22. cxd4 Rc4 23. Rb1 Qb6 24. Qf1 Rc3 25. Bc1 Qxd4+ 26. Kh1 Qb6 27. Bb2 Rc2 28. h4 Rfc8 29. Rc1 Rxc1 30. Bxc1 a4 31. h5 h6 32. Bd2 Rc4 33. Kh2 Qxb5 34. Qf2 Rc2 0-1

[Event "Gatineau Maisonneuve Memorial"]
[Site "Gatineau"]
[Date "2011.10.25"]
[Round "1"]
[White "Beland, Guy"]
[Black "Martin, Steve"]
[Result "0-1"]
[WhiteElo "1440"]
[BlackElo "1684"]
[PlyCount "41"]
[EventDate "2011.10.25"]
[EventType "swiss"]
[EventRounds "4"]
[EventCountry "CAN"]
[SourceTitle "EXT 2022"]
[Source "ChessBase"]
[SourceDate "2021.10.06"]
[SourceVersion "1"]
[SourceVersionDate "2021.10.06"]
[SourceQuality "1"]

1. e4 e6 2. d4 d5 3. Nc3 Bb4 4. e5 c5 5. Nf3 cxd4 6. Nxd4 Qc7 7. Bd2 Qxe5+ 8. Nde2 Nc6 9. f4 Qf6 10. a3 Ba5 11. Be3 Nge7 12. Nd4 e5 13. fxe5 Qxe5 14. Qd2 Nf5 15. 0-0-0 Nxe3 16. Re1 Qxd4 17. Rxe3+ Be6 18. Bd3 Bxc3 19. bxc3 Qc5 20. Rxe6+ fxe6 21. Re1 0-1

[Event "Gatineau CEH 31 Aniv-B"]
[Site "Gatineau"]
[Date "2010.10.05"]
[Round "4"]
[White "Beland, Guy"]
[Black "Berthiaume, Serge"]
[Result "0-1"]
[WhiteElo "1404"]
[BlackElo "1357"]
[PlyCount "49"]
[EventDate "2010.09.14"]
[EventType "swiss"]
[EventRounds "5"]
[EventCountry "CAN"]
[SourceTitle "EXT 2011"]
[Source "ChessBase"]
[SourceDate "2010.11.26"]
[SourceVersion "1"]
[SourceVersionDate "2010.11.26"]
[SourceQuality "1"]

1. e4 e6 2. d4 d5 3. Nc3 Bb4 4. Bd3 c5 5. Be3 c4 6. a3 Bxc3+ 7. bxc3 cxd3 8. cxd3 Ne7 9. Nf3 Qc7 10. 0-0 Qxc3 11. Rc1 Qxa3 12. exd5 0-0 13. Nd2 Nxd5 14. Nc4 Qe7 15. Bd2 Nc6 16. Re1 Nxd4 17. Qg4 Nf5 18. Bg5 f6 19. Bd2 e5 20. Qh5 Nd4 21. f4 Nb3 22. Kh1 Nxc1 23. Rxc1 Nxf4 24. Bxf4 exf4 25. Nd2 0-1

[Event "Gatineau CEH 31 Aniv-B"]
[Site "Gatineau"]
[Date "2010.10.05"]
[Round "4"]
[White "Lavergne, Daniel"]
[Black "Beland, Guy"]
[Result "1-0"]
[WhiteElo "1632"]
[BlackElo "1404"]
[PlyCount "94"]
[EventDate "2010.09.14"]
[EventType "swiss"]
[EventRounds "5"]
[EventCountry "CAN"]
[SourceTitle "EXT 2011"]
[Source "ChessBase"]
[SourceDate "2010.11.26"]
[SourceVersion "1"]
[SourceVersionDate "2010.11.26"]
[SourceQuality "1"]

1. e4 e5 2. Nf3 Nc6 3. Bb5 a6 4. Ba4 Nf6 5. 0-0 d6 6. c3 Be7 7. d4 exd4 8. cxd4 0-0 9. Nc3 b5 10. Bc2 Bg4 11. Be3 Nb4 12. Bb3 c5 13. Qe2 c4 14. Bd1 Re8 15. Bf4 Nd3 16. Qd2 Nh5 17. Bg3 Bf6 18. h3 Bxf3 19. Bxf3 Nxg3 20. fxg3 Bxd4+ 21. Kh2 b4 22. Nd5 Bxb2 23. Rab1 Be5 24. Ne3 Bc3 25. Qc2 Rc8 26. Nxc4 Rxc4 27. Qxd3 Qc7 28. Rbd1 Bd4 29. Qb3 Re7 30. Be2 Rc3 31. Qd5 Be5 32. Rf3 g6 33. h4 Rc5 34. Qa8+ Kg7 35. Qxa6 d5 36. exd5 Bd6 37. Qd3 Rc3 38. Qd4+ Be5 39. Rxc3 Qxc3 40. Qxc3 Bxc3 41. Bc4 Re4 42. Bb3 Rd4 43. Rf1 f5 44. Rf3 Kf6 45. a4 bxa3 46. Rxc3 Ke5 47. Ba2 Rd2 1-0

[Event "Gatineau CEH 31 Aniv-B"]
[Site "Gatineau"]
[Date "2010.09.21"]
[Round "2"]
[White "Beland, Guy"]
[Black "Morel, Joseph"]
[Result "1-0"]
[WhiteElo "1404"]
[BlackElo "1367"]
[PlyCount "43"]
[EventDate "2010.09.14"]
[EventType "swiss"]
[EventRounds "5"]
[EventCountry "CAN"]
[SourceTitle "EXT 2011"]
[Source "ChessBase"]
[SourceDate "2010.11.26"]
[SourceVersion "1"]
[SourceVersionDate "2010.11.26"]
[SourceQuality "1"]

1. e4 e6 2. d4 d5 3. Nc3 c5 4. Nf3 Nc6 5. e5 cxd4 6. Nxd4 Nxe5 7. Be2 Nf6 8. Bg5 Be7 9. 0-0 a6 10. b3 0-0 11. f4 Nc6 12. Bf3 Bc5 13. Nce2 e5 14. fxe5 Nxe5 15. c3 Qd6 16. Bxf6 Qxf6 17. Bxd5 Qd6 18. Nf4 Kh8 19. Kh1 g5 20. Nh5 Qxd5 21. Nf6 Bg4 22. Qc2 1-0

[Event "Gatineau LEO-B"]
[Site "Gatineau"]
[Date "2010.04.20"]
[Round "2"]
[White "Beland, Guy"]
[Black "Berthiaume, Serge"]
[Result "1-0"]
[WhiteElo "1431"]
[BlackElo "1300"]
[PlyCount "57"]
[EventDate "2010.04.13"]
[EventType "swiss"]
[EventRounds "6"]
[EventCountry "CAN"]
[SourceTitle "EXT 2011"]
[Source "ChessBase"]
[SourceDate "2010.11.26"]
[SourceVersion "1"]
[SourceVersionDate "2010.11.26"]
[SourceQuality "1"]

1. e4 e5 2. f4 exf4 3. Nf3 Nc6 4. d4 Nf6 5. Bd3 Nh5 6. 0-0 d6 7. Nc3 g6 8. Nd5 Bg7 9. c3 g5 10. Nxc7+ Qxc7 11. Nxg5 Nf6 12. e5 dxe5 13. dxe5 Qb6+ 14. Kh1 Ng4 15. Qe2 Bd7 16. e6 fxe6 17. Nxe6 Bf6 18. Nc7+ Kf7 19. Nxa8 Rxa8 20. Bc4+ Kg7 21. Rxf4 Nge5 22. Be3 Qc7 23. b3 Re8 24. Raf1 Rf8 25. Qh5 Ng6 26. Rxf6 Rxf6 27. Qh6+ Kh8 28. Rxf6 Qd8 29. Rxg6 1-0

[Event "Quebec-ch qual"]
[Site "Gatineau"]
[Date "2010.03.09"]
[Round "1"]
[White "Beland, Guy"]
[Black "Laurin, Jacques"]
[Result "0-1"]
[WhiteElo "1432"]
[BlackElo "1904"]
[PlyCount "74"]
[EventDate "2010.03.09"]
[EventType "swiss"]
[EventRounds "5"]
[EventCountry "CAN"]
[SourceTitle "EXT 2011"]
[Source "ChessBase"]
[SourceDate "2010.11.26"]
[SourceVersion "1"]
[SourceVersionDate "2010.11.26"]
[SourceQuality "1"]

1. e4 d6 2. d4 Nf6 3. Nc3 g6 4. h3 Bg7 5. Be3 c6 6. Be2 Qa5 7. Qd2 e5 8. Nf3 0-0 9. a3 b5 10. 0-0 Nh5 11. b4 Qc7 12. d5 a6 13. Nh2 Nf4 14. Bxf4 exf4 15. Rad1 c5 16. Na2 f5 17. exf5 Bxf5 18. c4 Nd7 19. Bg4 bxc4 20. Bxf5 Rxf5 21. Nc3 cxb4 22. axb4 Ne5 23. Rfe1 Qb6 24. Rb1 Nd3 25. Re4 Bxc3 26. Qe2 Ne5 27. Nf3 Nxf3+ 28. gxf3 Rg5+ 29. Kh2 Rf8 30. Rxc4 Re5 31. Qf1 Bd4 32. Rc6 Qd8 33. Qxa6 Qh4 34. Rxd6 Qxf2+ 35. Kh1 Qxf3+ 36. Kh2 Qg3+ 37. Kh1 Qxh3# 0-1

[Event "Gatineau CEH op"]
[Site "Gatineau"]
[Date "2010.02.23"]
[Round "7"]
[White "Menard, Marc"]
[Black "Beland, Guy"]
[Result "1-0"]
[WhiteElo "1576"]
[BlackElo "1408"]
[PlyCount "65"]
[EventDate "2010.01.12"]
[EventType "swiss"]
[EventRounds "7"]
[EventCountry "CAN"]
[SourceTitle "EXT 2011"]
[Source "ChessBase"]
[SourceDate "2010.11.26"]
[SourceVersion "1"]
[SourceVersionDate "2010.11.26"]
[SourceQuality "1"]

1. e4 c6 2. d4 d5 3. Nc3 e6 4. Nf3 Nd7 5. g3 Be7 6. Bg2 dxe4 7. Nxe4 Ngf6 8. Nc3 Nd5 9. 0-0 0-0 10. Re1 c5 11. Ne2 e5 12. Nxe5 Nxe5 13. dxe5 Be6 14. Nf4 Nxf4 15. Bxf4 Qb6 16. b3 Rad8 17. Qc1 Bd5 18. c4 Bxg2 19. Kxg2 Qc6+ 20. Kg1 Rd4 21. Bg5 Qe6 22. Bxe7 Qxe7 23. Qc2 Qe6 24. Rad1 Rfd8 25. f4 Qg4 26. Rxd4 Rxd4 27. Qe2 Qe6 28. Rd1 f5 29. Rxd4 cxd4 30. Qd3 Qb6 31. Kf1 Kf7 32. Qxf5+ Ke7 33. Qxh7 1-0

[Event "Gatineau Defi Nez-B"]
[Site "Gatineau"]
[Date "2009.11.24"]
[Round "2"]
[White "Beland, Guy"]
[Black "Richard, Georges"]
[Result "1-0"]
[WhiteElo "1399"]
[BlackElo "1629"]
[PlyCount "93"]
[EventDate "2009.11.17"]
[EventType "swiss"]
[EventRounds "5"]
[EventCountry "CAN"]
[SourceTitle "EXT 2011"]
[Source "ChessBase"]
[SourceDate "2010.11.26"]
[SourceVersion "1"]
[SourceVersionDate "2010.11.26"]
[SourceQuality "1"]

1. e4 c5 2. Nf3 Nc6 3. c3 g6 4. Bc4 e6 5. 0-0 Bg7 6. Re1 Nge7 7. d4 d5 8. Bb5 0-0 9. e5 Qb6 10. a4 Nf5 11. Bg5 Bd7 12. Na3 f6 13. exf6 Bxf6 14. Bxf6 Rxf6 15. Ne5 Nxe5 16. dxe5 Rf7 17. Bxd7 Rxd7 18. Nb5 a6 19. Nd6 Nxd6 20. exd6 Rxd6 21. b3 Rf8 22. Ra2 Qa5 23. Rae2 Rf6 24. Qc2 b5 25. g4 Qb6 26. Re5 c4 27. b4 bxa4 28. g5 Rf7 29. R1e2 d4 30. cxd4 Qxd4 31. Qxa4 Rf8 32. R5e4 Qd5 33. h4 Kf7 34. R2e3 Rc8 35. Qa3 Ke7 36. Qc3 Rf8 37. Rxc4 Qf5 38. Rc7+ Rd7 39. Rxd7+ Kxd7 40. Rd3+ Ke8 41. Qc6+ Kf7 42. Rf3 Ke7 43. Rxf5 Rxf5 44. Qxa6 Rd5 45. b5 Rd1+ 46. Kg2 Rb1 47. b6 1-0

[Event "Gatineau Defi Nez-B"]
[Site "Gatineau"]
[Date "2009.11.17"]
[Round "1"]
[White "Rose, Richard1111"]
[Black "Beland, Guy"]
[Result "1-0"]
[WhiteElo "1798"]
[BlackElo "1399"]
[PlyCount "22"]
[EventDate "2009.11.17"]
[EventType "swiss"]
[EventRounds "5"]
[EventCountry "CAN"]
[SourceTitle "EXT 2011"]
[Source "ChessBase"]
[SourceDate "2010.11.26"]
[SourceVersion "1"]
[SourceVersionDate "2010.11.26"]
[SourceQuality "1"]

1. e4 e5 2. Nf3 Nc6 3. Bc4 Bc5 4. Nc3 Nf6 5. d3 0-0 6. Bg5 Nd4 7. Nd5 c6 8. Nxf6+ gxf6 9. Bh6 Re8 10. Nxd4 d5 11. Nf5 Kh8 1-0

[Event "Gatineau Maisonneuve Memorial"]
[Site "Gatineau"]
[Date "2009.10.13"]
[Round "1"]
[White "Groleau, Gilles"]
[Black "Beland, Guy"]
[Result "1-0"]
[WhiteElo "1864"]
[BlackElo "1399"]
[PlyCount "46"]
[EventDate "2009.10.13"]
[EventType "swiss"]
[EventRounds "5"]
[EventCountry "CAN"]
[SourceTitle "EXT 2011"]
[Source "ChessBase"]
[SourceDate "2010.11.26"]
[SourceVersion "1"]
[SourceVersionDate "2010.11.26"]
[SourceQuality "1"]

1. e4 e5 2. Nf3 Nc6 3. Bb5 Nf6 4. Nc3 d6 5. d4 Bd7 6. 0-0 a6 7. Bxc6 bxc6 8. dxe5 Ng4 9. exd6 cxd6 10. h3 Ne5 11. Bf4 Nxf3+ 12. Qxf3 Be7 13. Rad1 Qc7 14. Qg3 0-0-0 15. Bxd6 Bxd6 16. Rxd6 h5 17. Rfd1 g5 18. Qd3 Qb7 19. b3 g4 20. h4 Rhe8 21. Na4 Re6 22. Rxe6 fxe6 23. Nc5 Qb5 1-0

[Event "Hull CC 29 Anniv-B"]
[Site "Gatineau"]
[Date "2009.09.08"]
[Round "1"]
[White "Beland, Guy"]
[Black "Thibault, Mario"]
[Result "0-1"]
[WhiteElo "1291"]
[BlackElo "1695"]
[PlyCount "52"]
[EventDate "2009.09.08"]
[EventType "swiss"]
[EventRounds "5"]
[EventCountry "CAN"]
[SourceTitle "EXT 2011"]
[Source "ChessBase"]
[SourceDate "2010.11.26"]
[SourceVersion "1"]
[SourceVersionDate "2010.11.26"]
[SourceQuality "1"]

1. e4 c5 2. Nf3 g6 3. d4 cxd4 4. Nxd4 Nc6 5. Bf4 Bg7 6. c3 Nf6 7. Bd3 0-0 8. 0-0 Nh5 9. Be3 d5 10. Nd2 Ne5 11. N2f3 Nxd3 12. Qxd3 e5 13. Ne2 dxe4 14. Qxe4 Qc7 15. Ng3 Nxg3 16. hxg3 Bf5 17. Qh4 h5 18. Rae1 Bd3 19. g4 Qc4 20. Nd4 exd4 21. gxh5 dxe3 22. f4 Bxf1 23. Rxf1 Qc5 24. hxg6 e2+ 25. Kh2 exf1N+ 26. Kh1 fxg6 0-1

[Event "Gatineau Hull CC-chB"]
[Site "Gatineau"]
[Date "2009.05.12"]
[Round "5"]
[White "Jani, Louis"]
[Black "Beland, Guy"]
[Result "1/2-1/2"]
[WhiteElo "1435"]
[BlackElo "1291"]
[PlyCount "50"]
[EventDate "2009.04.14"]
[EventType "swiss"]
[EventRounds "5"]
[EventCountry "CAN"]
[SourceTitle "EXT 2011"]
[Source "ChessBase"]
[SourceDate "2010.11.26"]
[SourceVersion "1"]
[SourceVersionDate "2010.11.26"]
[SourceQuality "1"]

1. e4 e5 2. Nf3 Nc6 3. Bc4 Bc5 4. c3 d6 5. d4 exd4 6. cxd4 Bb6 7. Ng5 Nh6 8. Nf3 Na5 9. Be2 Qf6 10. Nc3 c6 11. b4 d5 12. bxa5 Bxa5 13. Bd2 Bxc3 14. Bxc3 dxe4 15. Ne5 0-0 16. 0-0 Be6 17. Qc2 Bd5 18. Nd7 Qh4 19. Nxf8 Rxf8 20. Bb4 Re8 21. Bd2 Nf5 22. Be3 Re6 23. Bc4 Rg6 24. Bxd5 Rxg2+ 25. Kxg2 Qg4+ 1/2-1/2

[Event "Gatineau Hull CC-chB"]
[Site "Gatineau"]
[Date "2009.04.28"]
[Round "3"]
[White "Beland, Guy"]
[Black "Menard, Marc"]
[Result "0-1"]
[WhiteElo "1291"]
[BlackElo "1476"]
[PlyCount "73"]
[EventDate "2009.04.14"]
[EventType "swiss"]
[EventRounds "5"]
[EventCountry "CAN"]
[SourceTitle "EXT 2011"]
[Source "ChessBase"]
[SourceDate "2010.11.26"]
[SourceVersion "1"]
[SourceVersionDate "2010.11.26"]
[SourceQuality "1"]

1. e4 e5 2. Nf3 Nc6 3. Bc4 Nf6 4. d3 d6 5. h3 Na5 6. Nc3 Nxc4 7. dxc4 b6 8. 0-0 Bb7 9. Bg5 h6 10. Bxf6 Qxf6 11. Nd5 Qd8 12. Qe2 Qd7 13. Rad1 f6 14. Nh4 0-0-0 15. b4 c6 16. c5 cxd5 17. cxb6 axb6 18. exd5 Kb8 19. c4 Rc8 20. Ng6 Rg8 21. Qc2 Ba6 22. Nxf8 Rgxf8 23. c5 Bxf1 24. c6 Bb5 25. Qb3 Qa7 26. Qf3 Qxa2 27. Rc1 Rc7 28. Qe3 Qa6 29. Kh2 Rfc8 30. Ra1 Qxa1 31. Qxb6+ Ka8 32. Qxb5 Rb8 33. Qc4 Qd4 34. Qa6+ Ra7 35. Qe2 Qxd5 36. Qc2 Rc8 37. b5 0-1

[Event "Gatineau Hull CC-chB"]
[Site "Gatineau"]
[Date "2009.04.21"]
[Round "2"]
[White "Groleau, Gilles"]
[Black "Beland, Guy"]
[Result "1-0"]
[WhiteElo "1885"]
[BlackElo "1291"]
[PlyCount "65"]
[EventDate "2009.04.14"]
[EventType "swiss"]
[EventRounds "5"]
[EventCountry "CAN"]
[SourceTitle "EXT 2011"]
[Source "ChessBase"]
[SourceDate "2010.11.26"]
[SourceVersion "1"]
[SourceVersionDate "2010.11.26"]
[SourceQuality "1"]

1. e4 e5 2. Nf3 Nc6 3. Bb5 a6 4. Ba4 Nf6 5. Qe2 Be7 6. 0-0 0-0 7. Bxc6 bxc6 8. Nxe5 Bb7 9. d3 d5 10. Nd2 Bd6 11. Ng4 Re8 12. Nxf6+ Qxf6 13. f3 Qh4 14. g3 Qh5 15. Qg2 c5 16. exd5 Bxd5 17. Ne4 Re6 18. Bd2 Rae8 19. Rae1 Be5 20. c3 f5 21. Nxc5 Rg6 22. d4 Bxg3 23. Rxe8+ Kf7 24. hxg3 Kxe8 25. Bf4 Rc6 26. Qe2+ Kf7 27. c4 Be4 28. Nxe4 fxe4 29. d5 Rf6 30. Qxe4 g5 31. Bxc7 Rh6 32. Qf5+ Rf6 33. Qg4 1-0

[Event "Gatineau Qualification CIQ"]
[Site "Gatineau"]
[Date "2009.04.07"]
[Round "5"]
[White "Beland, Guy"]
[Black "Rainey, Ivan"]
[Result "0-1"]
[WhiteElo "1319"]
[BlackElo "1403"]
[PlyCount "96"]
[EventDate "2009.03.10"]
[EventType "swiss"]
[EventRounds "5"]
[EventCountry "CAN"]
[SourceTitle "EXT 2010"]
[Source "ChessBase"]
[SourceDate "2010.11.25"]
[SourceVersion "1"]
[SourceVersionDate "2010.11.25"]
[SourceQuality "1"]

1. e4 e6 2. d4 d5 3. exd5 exd5 4. Nc3 Nc6 5. Nf3 Nf6 6. Bb5 Bd6 7. 0-0 0-0 8. Bg5 h6 9. Bh4 Be7 10. Bxc6 bxc6 11. Ne5 Qd6 12. Re1 Re8 13. Bg3 Qd8 14. Nxc6 Qd7 15. Ne5 Qf5 16. Re3 Bb7 17. Qe2 Bd6 18. Re1 Re7 19. Nb5 Bb4 20. c3 Ba5 21. h3 Ne4 22. Bh2 Qf6 23. Rf3 Qe6 24. g4 Ba6 25. b4 Bb6 26. a4 c6 27. a5 Bxb5 28. Nd3 Bc7 29. Bxc7 Rxc7 30. Qe3 Re7 31. Nf4 Qd6 32. Nh5 Rae8 33. Qc1 Nxf2 34. Rxe7 Rxe7 35. Rxf2 Qg6 36. Nf4 Qe4 37. Qd2 g6 38. Ng2 g5 39. h4 Qxg4 40. Rf6 gxh4 41. Rxh6 h3 42. Rh4 Qxg2+ 43. Qxg2+ hxg2 44. Kxg2 Re3 45. Rg4+ Kf8 46. Rg3 Rxg3+ 47. Kxg3 Kg7 48. Kf4 Kg6 0-1

[Event "Gatineau Qualification CIQ"]
[Site "Gatineau"]
[Date "2009.03.10"]
[Round "1"]
[White "Beland, Guy"]
[Black "Libersan, Mattieu"]
[Result "0-1"]
[WhiteElo "1319"]
[BlackElo "1846"]
[PlyCount "106"]
[EventDate "2009.03.10"]
[EventType "swiss"]
[EventRounds "5"]
[EventCountry "CAN"]
[SourceTitle "EXT 2010"]
[Source "ChessBase"]
[SourceDate "2010.11.25"]
[SourceVersion "1"]
[SourceVersionDate "2010.11.25"]
[SourceQuality "1"]

1. e4 c5 2. Nf3 d6 3. Bc4 e6 4. 0-0 Nf6 5. Nc3 Be7 6. d4 cxd4 7. Nxd4 Nc6 8. Be3 a6 9. a4 0-0 10. Nce2 Qc7 11. Ng3 Bd7 12. c3 Rac8 13. Ba2 Nxd4 14. cxd4 Qc2 15. Bb3 Qxb2 16. d5 Rc3 17. Rb1 Qa3 18. dxe6 fxe6 19. Nf5 Re8 20. Nxe7+ Rxe7 21. Bd4 Rc8 22. Bxf6 gxf6 23. Qg4+ Kh8 24. Qh4 Rf8 25. Rfd1 Qc5 26. Qg3 Qe5 27. Qd3 Bc6 28. Re1 Rg7 29. g3 Rd8 30. Re3 Re7 31. Rc1 Qa5 32. Ra1 d5 33. e5 d4 34. Ree1 fxe5 35. Bc2 Qd5 36. Qe4 Qxe4 37. Bxe4 Bxe4 38. Rxe4 d3 39. Kf1 Rd5 40. Ke1 Rc7 41. Kd1 Rc2 42. Rc1 Rxf2 43. Rc8+ Kg7 44. Rg4+ Kf7 45. Rc7+ Kf6 46. Rgg7 e4 47. Rgf7+ Ke5 48. Rxf2 e3 49. Re2 dxe2+ 50. Kxe2 Ke4 51. Rxb7 Rd2+ 52. Ke1 Rxh2 53. Rb6 Kf3 0-1

[Event "Gatineau Fischer Memorial"]
[Site "Gatineau"]
[Date "2009.01.27"]
[Round "2"]
[White "Beland, Guy"]
[Black "Menard, Marc"]
[Result "0-1"]
[WhiteElo "1307"]
[BlackElo "1529"]
[PlyCount "66"]
[EventDate "2009.01.20"]
[EventType "swiss"]
[EventRounds "6"]
[EventCountry "CAN"]
[SourceTitle "EXT 2011"]
[Source "ChessBase"]
[SourceDate "2010.11.26"]
[SourceVersion "1"]
[SourceVersionDate "2010.11.26"]
[SourceQuality "1"]

1. e4 e5 2. Nf3 Nc6 3. Bc4 Nf6 4. d3 d6 5. h3 Na5 6. Nbd2 Nxc4 7. Nxc4 Be7 8. 0-0 0-0 9. c3 b5 10. Ne3 c6 11. Nf5 Bxf5 12. exf5 Qd7 13. g4 Rfe8 14. Qc2 h6 15. Kh1 c5 16. Be3 Qc6 17. Qe2 e4 18. dxe4 Nxe4 19. Kg1 Bf8 20. Nh4 Ng5 21. Kh2 Rad8 22. f4 Ne4 23. Qf3 d5 24. g5 d4 25. cxd4 cxd4 26. Rac1 Qa8 27. gxh6 dxe3 28. h7+ Kxh7 29. Qh5+ Kg8 30. Ng6 Rd2+ 31. Kg1 fxg6 32. fxg6 Nf6 33. Qf3 Qxf3 0-1

[Event "Gatineau Hull CC 27 Ann-B"]
[Site "Gatineau"]
[Date "2006.10.10"]
[Round "5"]
[White "Beland, Guy"]
[Black "Carrier, Simon"]
[Result "1-0"]
[WhiteElo "1460"]
[BlackElo "957"]
[PlyCount "61"]
[EventDate "2006.09.12"]
[EventType "swiss"]
[EventRounds "5"]
[EventCountry "CAN"]
[SourceTitle "EXT 2022"]
[Source "ChessBase"]
[SourceDate "2021.10.06"]
[SourceVersion "1"]
[SourceVersionDate "2021.10.06"]
[SourceQuality "1"]

1. e4 c5 2. Nf3 Nc6 3. d4 cxd4 4. Nxd4 Nxd4 5. Qxd4 Nf6 6. Nc3 e6 7. Bd3 Qa5 8. Be3 b6 9. e5 Nh5 10. 0-0 Bc5 11. Qe4 Rb8 12. Qf3 g6 13. Bxc5 Qxc5 14. Rae1 Qb4 15. Ne4 0-0 16. Nf6+ Nxf6 17. Qxf6 Qxb2 18. Re3 Bb7 19. Rh3 Qxa2 20. Qg5 Ba6 21. Qh6 Rfc8 22. Qxh7+ Kf8 23. Bxg6 Ke7 24. Qxf7+ Kd8 25. Rh7 Qd5 26. Be4 Qd2 27. Qg8+ Kc7 28. Qxe6 Bxf1 29. Qc6+ Kd8 30. Rh8+ Ke7 31. Qf6# 1-0

[Event "Gatineau Hull CC 27 Ann-B"]
[Site "Gatineau"]
[Date "2006.10.03"]
[Round "4"]
[White "Rainey, Ivan"]
[Black "Beland, Guy"]
[Result "1/2-1/2"]
[WhiteElo "1068"]
[BlackElo "1460"]
[PlyCount "48"]
[EventDate "2006.09.12"]
[EventType "swiss"]
[EventRounds "5"]
[EventCountry "CAN"]
[SourceTitle "EXT 2022"]
[Source "ChessBase"]
[SourceDate "2021.10.06"]
[SourceVersion "1"]
[SourceVersionDate "2021.10.06"]
[SourceQuality "1"]

1. e4 c5 2. d4 cxd4 3. c3 d5 4. Bb5+ Bd7 5. Bxd7+ Nxd7 6. exd5 Ngf6 7. Qxd4 g6 8. Nf3 Bg7 9. 0-0 0-0 10. c4 Nb6 11. Nc3 Nfxd5 12. Ne5 Nb4 13. Be3 Nc2 14. Qxd8 Raxd8 15. Bxb6 axb6 16. Rac1 Bxe5 17. Rxc2 Rd3 18. Re1 Rfd8 19. g3 f6 20. f4 Bd4+ 21. Kg2 Kf7 22. Ne2 Re3 23. Rd2 e5 24. fxe5 fxe5 1/2-1/2

[Event "Gatineau Hull CC 27 Ann-B"]
[Site "Gatineau"]
[Date "2006.09.26"]
[Round "3"]
[White "Beland, Guy"]
[Black "Jiang, Qizhe"]
[Result "1-0"]
[WhiteElo "1460"]
[BlackElo "920"]
[PlyCount "37"]
[EventDate "2006.09.12"]
[EventType "swiss"]
[EventRounds "5"]
[EventCountry "CAN"]
[SourceTitle "EXT 2022"]
[Source "ChessBase"]
[SourceDate "2021.10.06"]
[SourceVersion "1"]
[SourceVersionDate "2021.10.06"]
[SourceQuality "1"]

1. e4 e5 2. Nf3 Nc6 3. Bc4 Nf6 4. d3 Be7 5. Nc3 0-0 6. 0-0 Re8 7. Ng5 d5 8. Bb3 Bb4 9. Nxd5 Nxd5 10. Qh5 Nce7 11. Bxd5 Nxd5 12. Qxh7+ Kf8 13. exd5 Qxd5 14. Ne4 Qc6 15. Qh8+ Ke7 16. Qxg7 Be6 17. Bg5+ Kd7 18. Rad1 Qd5 19. Nf6+ 1-0

[Event "LEO-chB"]
[Site "Gatineau"]
[Date "2006.05.10"]
[Round "5"]
[White "Beland, Guy"]
[Black "Lacourse, Guy"]
[Result "1/2-1/2"]
[WhiteElo "1436"]
[BlackElo "1684"]
[PlyCount "132"]
[EventDate "2006.04.11"]
[EventType "swiss"]
[EventRounds "6"]
[EventCountry "CAN"]
[SourceTitle "EXT 2007"]
[Source "ChessBase"]
[SourceDate "2006.11.23"]
[SourceVersion "1"]
[SourceVersionDate "2006.11.23"]
[SourceQuality "1"]

1. e4 c5 2. Nf3 d6 3. d4 cxd4 4. Nxd4 Nf6 5. Nc3 a6 6. Bd3 e5 7. Nf5 Be6 8. 0-0 Nbd7 9. Bg5 h6 10. Be3 g6 11. Ng3 h5 12. h4 Ng4 13. Bg5 Be7 14. Qd2 f6 15. f3 fxg5 16. fxg4 gxh4 17. Nf5 gxf5 18. exf5 Bg5 19. Qe2 Bf7 20. Ne4 0-0 21. gxh5 d5 22. f6 Bh6 23. Qg4+ Kh8 24. Ng5 Nxf6 25. Nxf7+ Rxf7 26. Qg6 Be3+ 27. Kh1 Qg8 28. Rxf6 Rxf6 29. Qxf6+ Qg7 30. Rf1 Bf4 31. Qxh4 Rg8 32. Bg6 Rf8 33. Qh3 Bg5 34. Rxf8+ Qxf8 35. Qd3 Qf4 36. g3 Qc1+ 37. Kh2 Qd2+ 38. Qxd2 Bxd2 39. g4 Bc1 40. b3 Kg7 41. Kg2 Kf6 42. Kf1 e4 43. Ke2 Ke5 44. Kd1 Bf4 45. Bf5 d4 46. Ke2 b6 47. a4 a5 48. Bc8 Bg5 49. Bb7 Kf4 50. Bc8 Kg3 51. Bf5 e3 52. Be4 Kxg4 53. Bf3+ Kf4 54. Bh1 Bh6 55. Bf3 Bg7 56. Bh1 Kg3 57. Bf3 Kh4 58. Kd3 Kg5 59. Kc4 Kf4 60. Be2 Kg3 61. b4 Kf2 62. Kd3 axb4 63. Bd1 Ke1 64. Bg4 Kf2 65. Be2 Kg3 66. Bd1 Kf2 1/2-1/2